000 00731cam a2200241 4500
001 5185
003 BD-RjUL
005 20211208234026.0
008 131224s1969 pk b 001 0 eng
035 _a(BD-RjUL)5221
040 _aDLC
_cDLC
_dDLC
_dBD-RjUL
_beng
041 _aeng
082 _223
_bQUL 1969
_a347.1
100 1 _aQuamoruddin, K. A. A.
_916323
245 1 0 _aLaw of benami transfers in India and Pakistan /
_c[by] K. A. A. Quamoruddin.
260 _aDacca :
_bParamount Publishers ,
_cc1969.
300 _axxxii, 240 p. ;
_c22 cm.
350 _a16.00
_a($5.00)
504 _aIncludes Bibliography: p. [227]-228 and index.
650 0 _aBenami transactions.
_916324
942 _2ddc
_cBK
999 _c5185
_d5185